A keleti templom ikonográfiája és a vizuális kommunikáció
The study introduces the structure of the liturgical space and the biblical theological background of the Eastern Church and compares it with the analysis of the dramatic customs. The Eastern Church is the analogy of the cosmos. Its pictures illustrate the posthumus/post motrem part of God's pe...
Elmentve itt :
| Szerző: | |
|---|---|
| Dokumentumtípus: | Könyv része |
| Megjelent: |
2001
|
| Sorozat: | Szegedi vallási néprajzi könyvtár
8 A szenttisztelet történeti rétegei és formái Magyarországon és Közép-Európában : a magyar szentek tisztelete 8 |
| Kulcsszavak: | Szentek tisztelete - Magyarország, Vallási kultusz - Közép-Európa, Népi vallásosság - magyar |
| Tárgyszavak: | |
| Online Access: | http://acta.bibl.u-szeged.hu/69955 |
| LEADER | 01675naa a2200265 i 4500 | ||
|---|---|---|---|
| 001 | acta69955 | ||
| 005 | 20220201080500.0 | ||
| 008 | 200902s2001 hu o 0|| hun d | ||
| 020 | |a 963 482 402 1 | ||
| 022 | |a 1419-1288 | ||
| 040 | |a SZTE Egyetemi Kiadványok Repozitórium |b hun | ||
| 041 | |a hun | ||
| 041 | |a eng | ||
| 100 | 1 | |a Cserbák András | |
| 245 | 1 | 2 | |a A keleti templom ikonográfiája és a vizuális kommunikáció |h [elektronikus dokumentum] / |c Cserbák András |
| 260 | |c 2001 | ||
| 300 | |a 32-40 | ||
| 490 | 0 | |a Szegedi vallási néprajzi könyvtár |v 8 | |
| 490 | 0 | |a A szenttisztelet történeti rétegei és formái Magyarországon és Közép-Európában : a magyar szentek tisztelete |v 8 | |
| 520 | 3 | |a The study introduces the structure of the liturgical space and the biblical theological background of the Eastern Church and compares it with the analysis of the dramatic customs. The Eastern Church is the analogy of the cosmos. Its pictures illustrate the posthumus/post motrem part of God's people and those who take part in the liturgy are the prehumous ones. Together they from the sacred theatre, the one and indivisible reality. The author thinks that the results of the analysis in Eastern liturgical space and ceremony are applicable for the research in rituals/rites and customs in general. | |
| 650 | 4 | |a Bölcsészettudományok | |
| 650 | 4 | |a Történettudomány és régészet | |
| 650 | 4 | |a Filozófia, etika és vallástudományok | |
| 695 | |a Szentek tisztelete - Magyarország, Vallási kultusz - Közép-Európa, Népi vallásosság - magyar | ||
| 856 | 4 | 0 | |u http://acta.bibl.u-szeged.hu/69955/1/szegedi_vallasi_008_032-040.pdf |z Dokumentum-elérés |